| 000 | 01734cam a22003491i 4500 | ||
|---|---|---|---|
| 003 | SA-RiAUC | ||
| 005 | 20250427072623.0 | ||
| 008 | 250425s1999 su a g b f00000 ara c | ||
| 040 |
_aSD-KhNU _bara _cSA-RiAUC _erda |
||
| 041 | 1 |
_aara _heng |
|
| 082 | 0 | 4 | _a658.3125 |
| 090 |
_a658.3125 _b س ب ن |
||
| 100 | 1 |
_aسبنسر، لايل م.، _d1944- _eمؤلف. |
|
| 240 | 1 | 0 |
_aCompetence at work : models for superior performance. _lArabic |
| 245 | 1 | 2 |
_aالجدارة في العمل : _bنماذج للأداء المتفوق / _cلايل سبنسر الأصغر، سيجان سبنسر ؛ ترجمة أشرف فضيل عبد المجيد جمعة ؛ راجع الترجمة علي الهاشمي رداوي. |
| 264 | 1 |
_aالرياض : _bمعهد الإدارة العامة، مركز البحوث والدراسات الإدارية، _c1999 |
|
| 300 |
_a522 صفحة : _bإيضاحيات ؛ _c24 سم. |
||
| 336 |
_aنص _btxt _2rdacontent _3كتاب |
||
| 337 |
_aبدون وسيط _bn _2rdamedia |
||
| 338 |
_aمجلد _bnc _2rdacarrier |
||
| 490 | 0 | _aإصدارات معهد الإدارة العامة (الرياض) | |
| 504 | _aببليوجرافية : صفحة 502-517. | ||
| 590 | _aالعزري. | ||
| 650 | 7 |
_aتقييم الأداء _2aucsh |
|
| 650 | 7 |
_aالموظفون _xتقدير _2aucsh |
|
| 700 | 1 |
_aسبنسر، سيجان م.، _d1950- _eمؤلف. |
|
| 700 | 1 |
_aجمعة، أشرف فضيل عبد المجيد _eمترجم. |
|
| 700 | 1 |
_aرداوي، علي الهاشمي، _d1956- _eمراجع. |
|
| 700 | 1 | 2 |
_iترجمة لـ : _aسبنسر، لايل م.، _d1944-. _tCompetence at work : models for superior performance. |
| 942 |
_2ddc _cBOOK _n0 |
||
| 949 |
_aSA-JeALM _d250425 _umohamedma123 _n1 |
||
| 999 |
_c7372 _d7372 |
||